Economic survey of Japan (1976-1977)

Αποθηκεύτηκε σε:
Λεπτομέρειες βιβλιογραφικής εγγραφής
Μορφή: Βιβλίο
Γλώσσα:Undetermined
Έκδοση: Tokyo Economic Planning Agency. 1976
Ετικέτες: Προσθήκη ετικέτας
Δεν υπάρχουν, Καταχωρήστε ετικέτα πρώτοι!
Thư viện lưu trữ: Trung tâm Học liệu Trường Đại học Cần Thơ
LEADER 00389nam a2200145Ia 4500
001 CTU_105037
008 210402s9999 xx 000 0 und d
082 |a 330.952 
082 |b E17 
245 0 |a Economic survey of Japan (1976-1977) 
260 |a Tokyo 
260 |b Economic Planning Agency. 
260 |c 1976 
904 |i Năm 
980 |a Trung tâm Học liệu Trường Đại học Cần Thơ